Caso de estudio : líder de costos de nicho en Capstone /

Guardat en:
Dades bibliogràfiques
Autor principal: Molina Gudiño, Alejandra (autor)
Altres autors: Sánchez Cruz, Andrés (autor) (autor), Ortega Tirado, Jorge Luis (autor) (autor), Castro López, Norma Ileana (autor) (autor)
Format: Thesis Llibre
Idioma:espanyol
Publicat: Guadalajara, México : edición de autor, 2025
Matèries:
Accés en línia:Ver documento en línea
Etiquetes: Afegir etiqueta
Sense etiquetes, Sigues el primer a etiquetar aquest registre!

MARC

LEADER 00000nam^a2200000^a^4500
001 000629400
005 20260318000000.0
009 20260407175347.494
037 |a Acervo ITESO - Biblioteca 
041 |a ESP 
090 |a MAD. 596 
100 |a Molina Gudiño, Alejandra  |e (autor) 
245 1 0 |a Caso de estudio :  |b líder de costos de nicho en Capstone /  |c A. Molina Gudiño, A. Sánchez Cruz, J.L. Ortega Tirado, N.L. Castro López. 
264 1 |a Guadalajara, México :  |b edición de autor,  |c 2025 
300 |a 1 tesis electrónica en línea (162 p.) 
300 |a 1 recurso en línea 
336 |a datos para computadora  |b cod  |2 rdacontenido 
337 |a computadora  |b c  |2 rdamedio 
338 |a recurso en línea  |b cr  |2 rdasoporte 
502 |a ITESO Tesis de Maestría en Administración 
649 |a XX 
650 |a Empresas -  |x Administración 
650 |a Estrategia en los Negocios 
650 |a Planeación Estratégica -  |x Tema Principal 
650 |a Proceso Administrativo -  |x Dirección -  |x Tema Principal 
650 |a Proceso Administrativo 
650 |a Toma de Decisiones 
650 |a Administración 
650 |a Ciencias Administrativas 
700 |a Sánchez Cruz, Andrés  |e (autor) 
700 |a Ortega Tirado, Jorge Luis  |e (autor) 
700 |a Castro López, Norma Ileana  |e (autor) 
856 4 0 |u https://rei.iteso.mx/handle/11117/12012  |y Ver documento en línea 
910 |a Fondo General 
920 |a Electrónicos - Tesis del ITESO en Línea 
930 |a Repositorio Institucional 
905 |a 201 
901 |a 629400-1  |b IT2  |c ETI  |u 20260318 
902 |a https://opac.biblio.iteso.mx/vufind/Record/000629400